Online
Catalog

María Estuardo / (Record no. 35757)

MARC details
000 -CABECERA
campo de control de longitud fija 00580nam a2200181 a 4500
001 - NÚMERO DE CONTROL
campo de control 000036266
005 - FECHA Y HORA DE LA ÚLTIMA TRANSACCIÓN
campo de control 20210310105541.0
008 - DATOS DE LONGITUD FIJA--INFORMACIÓN GENERAL
campo de control de longitud fija 120112s1946 sp 000 f spa d
040 ## - FUENTE DE LA CATALOGACIÓN
Centro catalogador/agencia de origen DO-SdBNP
Lengua de catalogación spa
Centro/agencia transcriptor BNPHU
100 1# - ENTRADA PRINCIPAL--NOMBRE DE PERSONA
Nombre de persona Zweig, Stefan
9 (RLIN) 48388
245 10 - MENCIÓN DE TÍTULO
Título María Estuardo /
Mención de responsabilidad, etc. Stefan Zweig ; traducción del alemán por Ramón María Tenreiro.
250 ## - MENCIÓN DE EDICIÓN
Mención de edición 6a. ed.
260 ## - PUBLICACIÓN, DISTRIBUCIÓN, ETC.
Lugar de publicación, distribución, etc. Buenos Aires :
Nombre del editor, distribuidor, etc. Juventud Argentina,
Fecha de publicación, distribución, etc. 1946.
300 ## - DESCRIPCIÓN FÍSICA
Extensión 401 p. ;
Dimensiones 23 cm.
600 14 - PUNTO DE ACCESO ADICIONAL DE MATERIA--NOMBRE DE PERSONA
Nombre de persona ESTUARDO, MARÍA
9 (RLIN) 62375
650 20 - PUNTO DE ACCESO ADICIONAL DE MATERIA--TÉRMINO DE MATERIA
Término de materia o nombre geográfico como elemento de entrada Bografías
9 (RLIN) 20254
700 1# - PUNTO DE ACCESO ADICIONAL--NOMBRE DE PERSONA
Nombre de persona Tenreiro, Ramón María,
Término indicativo de función/relación trad.
9 (RLIN) 62376
Holdings
Estado de retiro Estado de pérdida Restricciones de uso No para préstamo Código de colección Localización permanente Ubicación/localización actual Ubicación en estantería Fecha de adquisición Número de inventario Total de préstamos Signatura topográfica completa Código de barras Fecha visto por última vez Precio válido a partir de Tipo de ítem Koha
      Excluido de préstamo Monografías: Libros y Folletos General General En catalogación 12.01.2012 LF1   36266-10 25.06.2020 25.06.2020 No se presta

Powered by Koha